000 00582nam a2200169Ia 4500
008 090201s9999 xx 000 0 und d
010 _aKPL-32127
040 _bमराठी
041 _aमराठी
082 _a35334
_b32127
100 _aमंदाकिनी अष्टीकर
245 _aगंध होता चंदनाला
_cमंदाकिनी अष्टीकर
260 _c2004
_bमनोरमा प्रकाशन
300 _a212
_bमोठा
600 _aगंध होता चंदनाला
942 _cBOOK
999 _c233471
_d233471